Metódy odhaľovania chýb

Saved in:
Bibliographic Details
Main Author: Priganc, Martin (Author)
Other Authors: Kazlov, Igor (Thesis advisor)
Format: Manuscript Book
Language:Slovak
Published: 2015
Subjects:
Online Access:http://is.stuba.sk/zp/portal_zp.pl?podrobnosti=97789
Tags: Add Tag
No Tags, Be the first to tag this record!

MARC

LEADER 00000ntm a22000003a 4500
001 stuzp49814
003 SK-STU
005 20160719153406.8
007 ta
008 150427s2015----xo-----f-mn---000-0-slo-d
040 |a STU  |b slo 
041 0 |a slo 
100 1 |a Priganc, Martin  |u 035000  |4 aut  |U FEI Fakulta elektrotechniky a informatiky  |T FEI Ústav informatiky a matematiky  |X 53971  |U E050  |Y 816  |7 53971 
242 0 1 |a Methods of detecting defects  |y eng 
245 1 0 |a Metódy odhaľovania chýb 
260 |c 2015 
300 |a 39 s., príl.  |b CD-ROM 
650 4 |a genetický algoritmus  |2 slo 
650 4 |a log  |2 slo 
650 4 |a Petriho sieť  |2 slo 
650 4 |a genetic algorithm  |2 eng 
650 4 |a log  |2 eng 
650 4 |a Petri net  |2 eng 
700 1 |a Kazlov, Igor  |4 ths  |X 16036  |7 A000016036 
856 4 |u http://is.stuba.sk/zp/portal_zp.pl?podrobnosti=97789 
996 |b 284ER01927  |c E*Bc- 1927  |l EE35  |s P  |a 0  |w stuzp49814_0001 
SQL |a stuzp49814  |b DBP  |c SLO  |d Metódy odhaľovania chýb  |e 53971  |f Priganc, Martin  |g 035000  |h 16036  |i Kazlov, Igor  |j 20150707  |k 73  |l 03  |m http://is.stuba.sk/zp/portal_zp.pl?podrobnosti=97789  |n B-API  |o 9.2.9. aplikovaná informatika